[Event "WchT Seniors 65"]
[Site "Dresden"]
[Date "2018.07.07"]
[Round "1.6"]
[White "Berry, Stephen"]
[Black "Giulian, Philip Maurice"]
[Result "1/2-1/2"]
[WhiteElo "2298"]
[BlackElo "2149"]
[PlyCount "52"]
[EventDate "2018.07.07"]
[EventType "team-swiss"]
[EventRounds "9"]
[EventCountry "GER"]
[SourceTitle "CBM 185 Extra"]
[Source "ChessBase"]
[SourceDate "2018.07.29"]
[SourceVersion "1"]
[SourceVersionDate "2018.07.29"]
[SourceQuality "1"]
[WhiteTeam "England"]
[BlackTeam "Scotland"]
[WhiteTeamCountry "ENG"]
[BlackTeamCountry "SCO"]

1. Nf3 d5 2. c4 e6 3. g3 Nf6 4. Bg2 d4 5. 0-0 c5 6. e3 Nc6 7. exd4 cxd4 8. d3 Bd6 9. Bg5 h6 10. Bxf6 Qxf6 11. Nbd2 Qe7 12. a3 a5 13. Rc1 0-0 14. Ne4 Bc7 15. c5 e5 16. Re1 Be6 17. Qe2 Rac8 18. h3 Rfe8 19. g4 f5 20. gxf5 Bxf5 21. Nh2 Rf8 22. Ng3 Be6 23. Qh5 Bf7 24. Qg4 Be6 25. Qh5 Bf7 26. Qg4 Be6 1/2-1/2

[Event "BCF-ch Seniors 65"]
[Site "Llandudno"]
[Date "2017.08.01"]
[Round "3"]
[White "Berry, Stephen"]
[Black "Norman, Kenneth I"]
[Result "1-0"]
[WhiteElo "2293"]
[BlackElo "2114"]
[PlyCount "63"]
[EventDate "2017.07.30"]
[EventType "swiss"]
[EventRounds "7"]
[EventCountry "WLS"]
[SourceTitle "CBM 179 Extra"]
[Source "ChessBase"]
[SourceDate "2017.08.23"]
[SourceVersion "1"]
[SourceVersionDate "2017.08.23"]
[SourceQuality "1"]

1. c4 g6 2. Nc3 Bg7 3. Nf3 Nf6 4. g3 0-0 5. Bg2 d6 6. d4 c6 7. 0-0 Qa5 8. e4 e5 9. h3 Nbd7 10. Re1 Re8 11. d5 c5 12. a3 a6 13. Bd2 Qd8 14. b4 b6 15. Rb1 Rf8 16. Be3 h6 17. Qa4 Ne8 18. bxc5 bxc5 19. g4 Ndf6 20. Rb2 h5 21. g5 Nd7 22. Reb1 Kh7 23. Qc2 Qc7 24. Bd2 Rb8 25. Rxb8 Nxb8 26. Qa4 Rg8 27. Ne2 Qa7 28. Ba5 Bd7 29. Qb3 Nc7 30. Qb7 Qxb7 31. Rxb7 Na8 32. Ra7 1-0

[Event "Vienna op"]
[Site "Vienna"]
[Date "2015.08.18"]
[Round "4"]
[White "Berry, Stephen"]
[Black "Banusz, Tamas"]
[Result "0-1"]
[WhiteElo "2314"]
[BlackElo "2586"]
[PlyCount "74"]
[EventDate "2015.08.15"]
[EventType "swiss"]
[EventRounds "9"]
[EventCountry "AUT"]
[SourceTitle "EXT 2016"]
[Source "ChessBase"]
[SourceDate "2015.10.08"]
[SourceVersion "1"]
[SourceVersionDate "2015.10.08"]
[SourceQuality "1"]

1. Nf3 d5 2. c4 e6 3. g3 Nf6 4. Bg2 d4 5. 0-0 c5 6. e3 Nc6 7. exd4 cxd4 8. d3 Bd6 9. Bg5 h6 10. Bxf6 Qxf6 11. Nbd2 Qe7 12. a3 a5 13. Nb3 Qf6 14. Nbd2 Qd8 15. Qc2 0-0 16. c5 Bc7 17. Rfe1 Qe7 18. b3 Rd8 19. Rac1 e5 20. Nc4 f6 21. Qe2 Be6 22. Qe4 Rd5 23. Bh3 Rxc5 24. Bxe6+ Qxe6 25. Nh4 Rd8 26. Nd2 Rc3 27. Qf3 Bd6 28. Nf5 Rxc1 29. Rxc1 Bf8 30. Qg4 Kh7 31. Ne4 g6 32. Nxh6 Qe7 33. Nf5 gxf5 34. Qxf5+ Kh8 35. Nxf6 Bh6 36. Qg6 Qg7 37. Qf5 Rf8 0-1

[Event "Bodensee op Seniors"]
[Site "Bregenz"]
[Date "2015.05.11"]
[Round "3"]
[White "Vilerte, Tamara"]
[Black "Berry, Stephen"]
[Result "1/2-1/2"]
[WhiteElo "2052"]
[BlackElo "2327"]
[PlyCount "46"]
[EventDate "2015.05.09"]
[EventType "swiss"]
[EventRounds "9"]
[EventCountry "AUT"]
[SourceTitle "CBM 166 Extra"]
[Source "ChessBase"]
[SourceDate "2015.06.18"]
[SourceVersion "1"]
[SourceVersionDate "2015.06.18"]
[SourceQuality "1"]

1. d4 Nf6 2. Nf3 d5 3. c4 e6 4. Nc3 Bb4 5. Bg5 h6 6. Bxf6 Qxf6 7. e3 0-0 8. Rc1 dxc4 9. Bxc4 c5 10. dxc5 Nd7 11. 0-0 Bxc3 12. Rxc3 Nxc5 13. Qd4 Qxd4 14. Nxd4 b6 15. Rfc1 Bb7 16. b3 Rfd8 17. Be2 a5 18. Bf3 Bxf3 19. Nxf3 Rd5 20. Kf1 g6 21. Ke2 Rad8 22. Rc4 Kg7 23. Rd4 Kf6 1/2-1/2

[Event "Bodensee op Seniors"]
[Site "Bregenz"]
[Date "2015.05.09"]
[Round "1"]
[White "Schoenfelder, Heinrich"]
[Black "Berry, Stephen"]
[Result "0-1"]
[WhiteElo "1849"]
[BlackElo "2327"]
[PlyCount "40"]
[EventDate "2015.05.09"]
[EventType "swiss"]
[EventRounds "9"]
[EventCountry "AUT"]
[SourceTitle "CBM 166 Extra"]
[Source "ChessBase"]
[SourceDate "2015.06.18"]
[SourceVersion "1"]
[SourceVersionDate "2015.06.18"]
[SourceQuality "1"]

1. d4 Nf6 2. Nf3 d5 3. c4 e6 4. Nc3 Bb4 5. e3 0-0 6. Qc2 c5 7. a3 Bxc3+ 8. bxc3 Nc6 9. Bd3 dxc4 10. Bxc4 Qc7 11. 0-0 e5 12. Bd3 Re8 13. e4 exd4 14. cxd4 Bg4 15. d5 Bxf3 16. gxf3 Nd4 17. Qd1 Qd7 18. Bf4 Qh3 19. Be2 Nxd5 20. Bg3 Nc3 0-1

[Event "Sunningdale e2e4 Seniors op 04"]
[Site "Sunningdale"]
[Date "2014.04.20"]
[Round "4"]
[White "Jackson, Oliver A"]
[Black "Berry, Stephen"]
[Result "0-1"]
[WhiteElo "2122"]
[BlackElo "2321"]
[PlyCount "70"]
[EventDate "2014.04.17"]
[EventType "swiss"]
[EventRounds "5"]
[EventCountry "ENG"]
[SourceTitle "EXT 2015"]
[Source "ChessBase"]
[SourceDate "2014.11.20"]
[SourceVersion "1"]
[SourceVersionDate "2014.11.20"]
[SourceQuality "1"]

1. e4 e5 2. Nc3 Nf6 3. Bc4 Nc6 4. d3 Bb4 5. Nge2 d5 6. exd5 Nxd5 7. 0-0 Be6 8. Ne4 Be7 9. N2g3 0-0 10. Qh5 Qd7 11. h3 Rad8 12. Bg5 f6 13. Bd2 Nf4 14. Bxf4 Bxc4 15. dxc4 exf4 16. Nf5 g6 17. Nxe7+ Qxe7 18. Qe2 Nd4 19. Qd3 f5 20. Nc3 f3 21. gxf3 Qh4 22. f4 Nb3 23. Qf3 Nxa1 24. Rxa1 c6 25. Re1 Rfe8 26. Re2 Rxe2 27. Nxe2 Qf6 28. c3 Qe6 29. Nd4 Qxc4 30. Qg3 Qd5 31. Qg5 Re8 32. Kh2 c5 33. Nb3 Re1 34. Qg2 Qxg2+ 35. Kxg2 b6 0-1

[Event "Sunningdale e2e4 Seniors op 04"]
[Site "Sunningdale"]
[Date "2014.04.18"]
[Round "2"]
[White "Stuttard, Terence J"]
[Black "Berry, Stephen"]
[Result "0-1"]
[WhiteElo "2034"]
[BlackElo "2321"]
[PlyCount "68"]
[EventDate "2014.04.17"]
[EventType "swiss"]
[EventRounds "5"]
[EventCountry "ENG"]
[SourceTitle "EXT 2015"]
[Source "ChessBase"]
[SourceDate "2014.11.20"]
[SourceVersion "1"]
[SourceVersionDate "2014.11.20"]
[SourceQuality "1"]

1. c4 e5 2. Nc3 d6 3. g3 f5 4. Bg2 Nf6 5. e3 Be7 6. Nge2 0-0 7. 0-0 c6 8. d4 Na6 9. Rb1 Nc7 10. b4 Be6 11. d5 cxd5 12. cxd5 Bd7 13. Qb3 Qe8 14. f4 e4 15. b5 Qf7 16. Rd1 Rfc8 17. a4 Bf8 18. h3 Nfxd5 19. Nxd5 Be6 20. Nec3 Nxd5 21. Nxd5 Rc5 22. Ba3 Rxd5 23. Rxd5 Bxd5 24. Qc3 Bc4 25. g4 d5 26. Bxf8 Rxf8 27. gxf5 Qxf5 28. Qd4 b6 29. Bf1 Bxf1 30. Rxf1 Rc8 31. Rd1 Rc5 32. a5 h6 33. axb6 axb6 34. Ra1 Qxh3 0-1

[Event "Sunningdale e2e4 Seniors op 04"]
[Site "Sunningdale"]
[Date "2014.04.17"]
[Round "1"]
[White "Berry, Stephen"]
[Black "Tucker, David Sidney"]
[Result "1/2-1/2"]
[WhiteElo "2321"]
[BlackElo "2061"]
[PlyCount "75"]
[EventDate "2014.04.17"]
[EventType "swiss"]
[EventRounds "5"]
[EventCountry "ENG"]
[SourceTitle "EXT 2015"]
[Source "ChessBase"]
[SourceDate "2014.11.20"]
[SourceVersion "1"]
[SourceVersionDate "2014.11.20"]
[SourceQuality "1"]

1. c4 c5 2. g3 g6 3. Bg2 Bg7 4. Nc3 Nc6 5. Nf3 Nf6 6. d4 cxd4 7. Nxd4 0-0 8. 0-0 Nxd4 9. Qxd4 d6 10. Qd3 Bf5 11. e4 Be6 12. b3 Qd7 13. Bb2 Bh3 14. Rad1 Bxg2 15. Kxg2 Rac8 16. Rfe1 Rfd8 17. Qe2 Qg4 18. f3 Qe6 19. Qf2 a6 20. Nd5 Nxd5 21. exd5 Qd7 22. Bxg7 Kxg7 23. Qd4+ Kg8 24. Re4 Rc7 25. Rde1 b5 26. Qe3 Re8 27. h4 bxc4 28. bxc4 e5 29. dxe6 Rxe6 30. Rxe6 Qxe6 31. Qxe6 fxe6 32. Rxe6 Rxc4 33. Rxd6 Rc2+ 34. Kh3 Rxa2 35. Kg4 Ra4+ 36. f4 Ra5 37. f5 Rxf5 38. Rxa6 1/2-1/2

[Event "Leuven op 25th"]
[Site "Leuven"]
[Date "2013.11.09"]
[Round "2"]
[White "Berry, Stephen"]
[Black "De Block, Yordi"]
[Result "1/2-1/2"]
[WhiteElo "2311"]
[BlackElo "1843"]
[PlyCount "164"]
[EventDate "2013.11.08"]
[EventType "swiss"]
[EventRounds "7"]
[EventCountry "BEL"]
[SourceTitle "EXT 2014"]
[Source "ChessBase"]
[SourceDate "2013.11.20"]
[SourceVersion "1"]
[SourceVersionDate "2013.11.20"]
[SourceQuality "1"]

1. b3 d5 2. Bb2 Bf5 3. e3 e6 4. f4 Nf6 5. Nf3 Be7 6. Nc3 0-0 7. Ne2 c5 8. Ng3 Bg4 9. Be2 Nc6 10. 0-0 Nh5 11. Nh1 f5 12. Nf2 Nf6 13. Nxg4 Nxg4 14. h3 Nf6 15. Ne5 Nxe5 16. Bxe5 Ne4 17. d3 Ng3 18. Rf3 Nxe2+ 19. Qxe2 Bf6 20. Bxf6 Qxf6 21. Re1 Rad8 22. a4 Rd6 23. e4 Qd4+ 24. Kh2 fxe4 25. dxe4 dxe4 26. Qxe4 Qxe4 27. Rxe4 Rf6 28. Rc3 b6 29. a5 Rd2 30. axb6 axb6 31. Rd3 Rxc2 32. Rd8+ Kf7 33. Rd7+ Kf8 34. Ra4 Ke8 35. Rxg7 Kf8 36. Rxh7 Kg8 37. Rb7 Rf7 38. Raa7 Rxf4 39. Rxb6 Re2 40. Rc7 Re5 41. Re7 Rf6 42. Rc6 Kf8 43. Ra7 Rf7 44. Ra5 Rff5 45. Rc7 Kg8 46. h4 Re4 47. g3 Rb4 48. Ra8+ Rf8 49. Ra6 Re8 50. Rxc5 Rxb3 51. Rc7 Rb4 52. Kh3 e5 53. Rg6+ Kh8 54. Rgg7 Rbb8 55. h5 Rb6 56. Rge7 Re6 57. Rxe8+ Rxe8 58. Kg2 e4 59. Kf2 Rf8+ 60. Kg2 Re8 61. g4 e3 62. Rc1 Kg7 63. Kf3 Kh6 64. Re1 Rf8+ 65. Kxe3 Kg5 66. Rg1 Rf6 67. Rg2 Ra6 68. Kf3 Ra3+ 69. Kf2 Ra1 70. Kg3 Ra3+ 71. Kh2 Ra5 72. Kh3 Ra3+ 73. Rg3 Ra5 74. Rf3 Rb5 75. Kg3 Ra5 76. Rb3 Rc5 77. Kf3 Ra5 78. Rb6 Ra3+ 79. Ke4 Kxg4 80. h6 Kg5 81. h7 Rh3 82. Rb7 Kg6 1/2-1/2

[Event "Paignton op"]
[Site "Paignton"]
[Date "2013.09.04"]
[Round "4"]
[White "Berry, Stephen"]
[Black "Arkell, Keith C"]
[Result "1-0"]
[WhiteElo "2311"]
[BlackElo "2451"]
[PlyCount "71"]
[EventDate "2013.09.01"]
[EventType "swiss"]
[EventRounds "7"]
[EventCountry "ENG"]
[SourceTitle "EXT 2016"]
[Source "ChessBase"]
[SourceDate "2015.10.08"]
[SourceVersion "1"]
[SourceVersionDate "2015.10.08"]
[SourceQuality "1"]

1. c4 c5 2. g3 Nc6 3. Nc3 g6 4. Bg2 Bg7 5. Nf3 Nf6 6. d4 cxd4 7. Nxd4 Nxd4 8. Qxd4 d6 9. 0-0 0-0 10. Qd3 Nd7 11. b3 Nc5 12. Qd2 Rb8 13. Bb2 b6 14. Rad1 Bb7 15. e4 a6 16. Rfe1 Ba8 17. Qe2 Qd7 18. h4 h5 19. Nd5 Bxb2 20. Qxb2 Bxd5 21. exd5 b5 22. cxb5 Rxb5 23. Re3 Re8 24. Rde1 Rb7 25. Qd2 Qb5 26. Bf1 Qb6 27. Bc4 f5 28. R3e2 Kh7 29. Bd3 Qd8 30. Bxf5 gxf5 31. Re6 Nxe6 32. Rxe6 Rh8 33. Rh6+ Kg7 34. Qg5+ Kf7 35. Qg6+ Kf8 36. Rxh8# 1-0

[Event "Paignton op"]
[Site "Paignton"]
[Date "2013.09.03"]
[Round "3"]
[White "Brown, Alan M"]
[Black "Berry, Stephen"]
[Result "0-1"]
[WhiteElo "2087"]
[BlackElo "2311"]
[PlyCount "70"]
[EventDate "2013.09.01"]
[EventType "swiss"]
[EventRounds "7"]
[EventCountry "ENG"]
[SourceTitle "EXT 2016"]
[Source "ChessBase"]
[SourceDate "2015.10.08"]
[SourceVersion "1"]
[SourceVersionDate "2015.10.08"]
[SourceQuality "1"]

1. d4 Nf6 2. c4 e6 3. Nf3 b6 4. g3 Bb7 5. Bg2 Be7 6. 0-0 0-0 7. Nc3 Ne4 8. Qc2 Nxc3 9. Qxc3 d6 10. b3 Nd7 11. Bb2 Nf6 12. Rad1 Be4 13. d5 e5 14. Nd2 Bxg2 15. Kxg2 Nd7 16. e4 Bf6 17. Qc2 Qe7 18. Nb1 g6 19. f3 Bg5 20. Nc3 a6 21. Ne2 f5 22. g4 fxg4 23. fxg4 Be3 24. Ng3 Qg5 25. Qe2 Bf4 26. Rd3 Rf7 27. h3 Raf8 28. Bc3 Nc5 29. Rdf3 a5 30. Be1 Kg7 31. Kh1 Bxg3 32. Rxf7+ Rxf7 33. Rxf7+ Kxf7 34. Bxg3 Qc1+ 35. Kg2 Qb1 0-1

[Event "Teplice op 8th"]
[Site "Teplice"]
[Date "2013.06.21"]
[Round "7"]
[White "Simacek, Pavel"]
[Black "Berry, Stephen"]
[Result "1-0"]
[WhiteElo "2467"]
[BlackElo "2330"]
[PlyCount "65"]
[EventDate "2013.06.15"]
[EventType "swiss"]
[EventRounds "9"]
[EventCountry "CZE"]
[SourceTitle "CBM 155 Extra"]
[Source "ChessBase"]
[SourceDate "2013.08.26"]
[SourceVersion "1"]
[SourceVersionDate "2013.08.26"]
[SourceQuality "1"]

1. e4 e5 2. Nf3 Nc6 3. c3 Nf6 4. d4 d6 5. d5 Nb8 6. Bd3 g6 7. c4 Bg7 8. Nc3 Nbd7 9. Be3 0-0 10. 0-0 Ng4 11. Bg5 f6 12. Bh4 a5 13. Nd2 Nh6 14. a3 Nf7 15. Bc2 Bh6 16. Qe2 Bg5 17. Bxg5 fxg5 18. b4 Nf6 19. c5 Nh5 20. Nc4 Nf4 21. Qe3 axb4 22. axb4 Rxa1 23. Rxa1 Qf6 24. Nb5 Nh6 25. Bd1 dxc5 26. bxc5 Ng4 27. Bxg4 Bxg4 28. Nxc7 Ne2+ 29. Kh1 Nd4 30. Ra2 Bd7 31. Qg3 Nb5 32. Nxe5 Be8 33. Ne6 1-0

[Event "Teplice op 8th"]
[Site "Teplice"]
[Date "2013.06.20"]
[Round "6"]
[White "Berry, Stephen"]
[Black "Baumegger, Siegfried"]
[Result "1/2-1/2"]
[WhiteElo "2330"]
[BlackElo "2474"]
[PlyCount "84"]
[EventDate "2013.06.15"]
[EventType "swiss"]
[EventRounds "9"]
[EventCountry "CZE"]
[SourceTitle "CBM 155 Extra"]
[Source "ChessBase"]
[SourceDate "2013.08.26"]
[SourceVersion "1"]
[SourceVersionDate "2013.08.26"]
[SourceQuality "1"]

1. Nf3 c5 2. c4 g6 3. Nc3 Bg7 4. g3 Nc6 5. Bg2 e6 6. d3 Nge7 7. Bg5 h6 8. Bd2 0-0 9. 0-0 d6 10. a3 e5 11. Rb1 a5 12. Ne1 Be6 13. Nc2 d5 14. cxd5 Nxd5 15. Ne3 Nde7 16. Na4 b6 17. b4 cxb4 18. axb4 Ra7 19. bxa5 bxa5 20. Nc5 Qd6 21. Nxe6 Qxe6 22. Qa4 Nd4 23. Rfe1 Rc8 24. Nc4 Qg4 25. Be3 Kh7 26. h3 Qe6 27. Bxd4 exd4 28. Rb5 Nf5 29. Rxa5 Rxa5 30. Qxa5 Qe7 31. h4 h5 32. Qd5 Rc5 33. Qe4 Qc7 34. Rb1 Nd6 35. Nxd6 Qxd6 36. Rb7 Rc7 37. Rxc7 Qxc7 38. Bf3 Kg8 39. Qe8+ Bf8 40. Kg2 Qe7 41. Qa8 Kg7 42. Be4 Qe5 1/2-1/2

[Event "Teplice op 8th"]
[Site "Teplice"]
[Date "2013.06.17"]
[Round "3"]
[White "Rubes, Jan"]
[Black "Berry, Stephen"]
[Result "0-1"]
[WhiteElo "2139"]
[BlackElo "2330"]
[PlyCount "80"]
[EventDate "2013.06.15"]
[EventType "swiss"]
[EventRounds "9"]
[EventCountry "CZE"]
[SourceTitle "CBM 155 Extra"]
[Source "ChessBase"]
[SourceDate "2013.08.26"]
[SourceVersion "1"]
[SourceVersionDate "2013.08.26"]
[SourceQuality "1"]

1. e4 e5 2. Nf3 d6 3. d4 exd4 4. Nxd4 Nf6 5. Nc3 Be7 6. Be2 0-0 7. 0-0 Re8 8. f4 Bf8 9. Bf3 c5 10. Nde2 Nc6 11. b3 Bd7 12. Bb2 Rb8 13. Ng3 Nd4 14. Nd5 Nxd5 15. exd5 Be7 16. Kh1 Nxf3 17. Qxf3 Bf6 18. Bxf6 Qxf6 19. Ne4 Qe7 20. Nd2 Bf5 21. c3 b5 22. g4 Be4 23. Nxe4 Qxe4 24. Qxe4 Rxe4 25. Rae1 Rbe8 26. Rxe4 Rxe4 27. Kg2 g5 28. Kg3 Re3+ 29. Rf3 gxf4+ 30. Kxf4 Re2 31. Re3 Rf2+ 32. Kg3 Rxa2 33. Re8+ Kg7 34. Rd8 Ra3 35. Rxd6 Rxb3 36. Ra6 Rxc3+ 37. Kf4 b4 38. Rxa7 b3 39. Rb7 Rc4+ 40. Ke5 Rb4 0-1

[Event "Teplice op 8th"]
[Site "Teplice"]
[Date "2013.06.16"]
[Round "2"]
[White "Berry, Stephen"]
[Black "Riha, Jaroslav"]
[Result "1-0"]
[WhiteElo "2330"]
[BlackElo "2035"]
[PlyCount "81"]
[EventDate "2013.06.15"]
[EventType "swiss"]
[EventRounds "9"]
[EventCountry "CZE"]
[SourceTitle "CBM 155 Extra"]
[Source "ChessBase"]
[SourceDate "2013.08.26"]
[SourceVersion "1"]
[SourceVersionDate "2013.08.26"]
[SourceQuality "1"]

1. c4 g6 2. Nc3 Bg7 3. g3 Nf6 4. Bg2 0-0 5. e4 d6 6. Nge2 c5 7. 0-0 Nc6 8. d3 Bd7 9. h3 a6 10. Be3 Rb8 11. a4 e5 12. f4 Nd4 13. f5 gxf5 14. Bg5 Qe8 15. exf5 h6 16. Bxf6 Bxf6 17. Ne4 Qe7 18. Nxd4 cxd4 19. Qh5 Kh7 20. Kh2 Bc6 21. Nf2 Rh8 22. Bd5 Kg7 23. Ne4 Rbc8 24. Rf2 Rc7 25. a5 Rhc8 26. h4 Bxd5 27. cxd5 Rc2 28. Raf1 R8c7 29. Kh3 Rxf2 30. Rxf2 Rc1 31. Kg2 Qd8 32. g4 Qxa5 33. g5 Kf8 34. Qxh6+ Bg7 35. Qxd6+ Kg8 36. Qb8+ Bf8 37. Qxe5 Qe1 38. Nf6+ Kh8 39. Nh5+ Kg8 40. Ng3 Qb4 41. d6 1-0

[Event "Leuven op 24th"]
[Site "Leuven"]
[Date "2012.11.04"]
[Round "2"]
[White "Costello, Colin"]
[Black "Berry, Stephen"]
[Result "1/2-1/2"]
[WhiteElo "1956"]
[BlackElo "2330"]
[PlyCount "92"]
[EventDate "2012.11.01"]
[EventType "swiss"]
[EventRounds "7"]
[EventCountry "BEL"]
[SourceTitle "EXT 2013"]
[Source "ChessBase"]
[SourceDate "2012.11.22"]
[SourceVersion "1"]
[SourceVersionDate "2012.11.22"]
[SourceQuality "1"]

1. c4 e5 2. g3 d6 3. Nc3 f5 4. Bg2 Nf6 5. d3 Be7 6. Rb1 0-0 7. b4 Qe8 8. Nf3 Kh8 9. 0-0 Qh5 10. Bg5 Nbd7 11. b5 h6 12. Bxf6 Nxf6 13. Nd5 Bd8 14. Qa4 Bd7 15. Rfc1 f4 16. Nxf6 Bxf6 17. c5 a6 18. cxd6 axb5 19. Qb4 cxd6 20. Qxd6 Bc6 21. Qc5 Qg6 22. Nd2 fxg3 23. hxg3 Bg5 24. Bxc6 bxc6 25. Rc2 Bxd2 26. Rxd2 e4 27. dxe4 Qxe4 28. Rc1 Rf6 29. Rd6 Rxd6 30. Qxd6 Rxa2 31. Qxc6 Qxc6 32. Rxc6 Rxe2 33. Rb6 Rb2 34. Kg2 Kg8 35. Rb7 b4 36. Kf3 b3 37. Kg2 Rb1 38. Kf3 Kf8 39. Kg2 g6 40. Kf3 h5 41. Kf4 Rf1 42. Rxb3 Rxf2+ 43. Kg5 Kg7 44. Rb7+ Rf7 45. Rb5 Rc7 46. Ra5 Rb7 1/2-1/2

[Event "Leuven op 24th"]
[Site "Leuven"]
[Date "2012.11.04"]
[Round "5"]
[White "Docx, Stefan"]
[Black "Berry, Stephen"]
[Result "1/2-1/2"]
[WhiteElo "2422"]
[BlackElo "2330"]
[PlyCount "168"]
[EventDate "2012.11.01"]
[EventType "swiss"]
[EventRounds "7"]
[EventCountry "BEL"]
[SourceTitle "EXT 2013"]
[Source "ChessBase"]
[SourceDate "2012.11.22"]
[SourceVersion "1"]
[SourceVersionDate "2012.11.22"]
[SourceQuality "1"]

1. d4 Nf6 2. c4 e6 3. g3 Bb4+ 4. Bd2 Qe7 5. Nf3 0-0 6. Bg2 Bxd2+ 7. Qxd2 d6 8. Nc3 e5 9. 0-0 Re8 10. e4 Bg4 11. Ne1 Nc6 12. Nc2 exd4 13. Nd5 Qd8 14. f3 Be6 15. Nxd4 Bxd5 16. cxd5 Nxd4 17. Qxd4 h5 18. Rac1 a5 19. Bh3 Nd7 20. Bxd7 Qxd7 21. Rf2 b6 22. Rfc2 Ra7 23. Qd3 Re7 24. b3 Qe8 25. Kf2 Qd7 26. Kg2 Qe8 27. a4 Qd7 28. h4 Kf8 29. Rc6 Kg8 30. R1c2 Qe8 31. R6c3 Qd7 32. Rc1 Qe8 33. R3c2 Qd7 34. Re2 Ra8 35. Rec2 Ra7 36. Qc4 Qe8 37. Re2 Qd7 38. f4 Ra8 39. e5 dxe5 40. fxe5 Rd8 41. Rd1 Rde8 42. Qf4 b5 43. Rdd2 bxa4 44. bxa4 Qg4 45. Re4 Qg6 46. Kh2 Qb6 47. Qg5 Qb1 48. Qf5 Qc1 49. Rf2 Qc5 50. e6 fxe6 51. Rxe6 Rxe6 52. dxe6 Qxf5 53. Rxf5 g6 54. Rf6 Kg7 55. Rf7+ Kg8 56. Rxc7 Rxe6 57. Rc5 Kg7 58. Kg2 Re3 59. Rxa5 Ra3 60. Ra7+ Kf6 61. Ra8 Kf5 62. Rf8+ Ke6 63. Rf4 Ke5 64. Rb4 Kf5 65. Rb5+ Kf6 66. a5 Kf7 67. Rb7+ Kf6 68. Rb6+ Kf5 69. a6 Ra2+ 70. Kf1 Ra3 71. Kf2 Ra5 72. Ke3 g5 73. Rh6 Kg4 74. Rg6 Ra3+ 75. Kd4 Kxg3 76. hxg5 Kg4 77. Kc5 Kf5 78. Rd6 Kxg5 79. Kb6 Kg4 80. a7 Rxa7 81. Kxa7 h4 82. Kb6 h3 83. Kc5 h2 84. Rh6 Kg3 1/2-1/2

[Event "Braunau op-A 11th"]
[Site "Ranshofen"]
[Date "2012.08.05"]
[Round "2"]
[White "Hera, Imre Jr"]
[Black "Berry, Stephen"]
[Result "1-0"]
[WhiteElo "2568"]
[BlackElo "2334"]
[PlyCount "97"]
[EventDate "2012.08.04"]
[EventType "swiss"]
[EventRounds "9"]
[EventCountry "AUT"]
[SourceTitle "CBM 149 Extra"]
[Source "ChessBase"]
[SourceDate "2012.08.24"]
[SourceVersion "1"]
[SourceVersionDate "2012.08.24"]
[SourceQuality "1"]

1. d4 Nf6 2. c4 e6 3. g3 Bb4+ 4. Bd2 Qe7 5. Nf3 0-0 6. Bg2 Bxd2+ 7. Qxd2 d6 8. Nc3 e5 9. 0-0 Re8 10. e4 Bg4 11. Ne1 Nc6 12. Nc2 exd4 13. Nxd4 Nxd4 14. Qxd4 Qe5 15. Qd2 Be6 16. b3 a6 17. Rfe1 Qh5 18. f3 Qc5+ 19. Qf2 Nd7 20. f4 f6 21. Rad1 Rab8 22. Nd5 Bxd5 23. cxd5 a5 24. Rc1 Qxf2+ 25. Kxf2 Nc5 26. Re3 Re7 27. Kf3 Rbe8 28. Rce1 b5 29. Bf1 Rb8 30. e5 fxe5 31. fxe5 dxe5 32. Rxe5 Rxe5 33. Rxe5 Kf8 34. Ke3 b4 35. Kd4 Nd7 36. Re6 Nb6 37. Kc5 a4 38. Bg2 axb3 39. axb3 Kf7 40. Re4 Nd7+ 41. Kc6 Nf6 42. Kxc7 Rb5 43. Rd4 Rc5+ 44. Kd8 Rc2 45. Bh3 Rxh2 46. Be6+ Kg6 47. d6 Re2 48. Bc4 Re3 49. g4 1-0

[Event "Leuven op 23rd"]
[Site "Leuven"]
[Date "2011.11.11"]
[Round "3"]
[White "Berry, Stephen"]
[Black "Pimenta, Antonio"]
[Result "1-0"]
[WhiteElo "2336"]
[BlackElo "1971"]
[PlyCount "75"]
[EventDate "2011.11.10"]
[EventType "swiss"]
[EventRounds "7"]
[EventCountry "BEL"]
[SourceTitle "CBM 145 Extra"]
[Source "ChessBase"]
[SourceDate "2012.01.03"]
[SourceVersion "1"]
[SourceVersionDate "2012.01.03"]
[SourceQuality "1"]

1. c4 e6 2. g3 d5 3. Bg2 Nf6 4. Nf3 c6 5. b3 Be7 6. Bb2 0-0 7. 0-0 Nbd7 8. d3 b6 9. Nbd2 Bb7 10. Qc2 Rc8 11. e4 c5 12. e5 Ne8 13. Rae1 d4 14. Bc1 Nb8 15. Ne4 Nc6 16. h4 Ba8 17. Bf4 a5 18. Qd1 Nb4 19. Qd2 Qd7 20. a4 Qd8 21. Re2 Bc6 22. Rd1 Ba8 23. Bg5 Bc6 24. Bh3 Ba8 25. Qf4 Rc6 26. Qg4 Bxg5 27. hxg5 Rc7 28. Kg2 Bxe4 29. Qxe4 g6 30. Qh4 Ng7 31. Bg4 Re8 32. Qh6 Nf5 33. Bxf5 exf5 34. Rh1 Nxd3 35. Qxh7+ Kf8 36. e6 fxe6 37. Qxg6 Rc6 38. Rh7 1-0

[Event "ENG-ch Seniors"]
[Site "Gatwick"]
[Date "2011.10.27"]
[Round "2"]
[White "Berry, Stephen"]
[Black "Prizant, Michael"]
[Result "1/2-1/2"]
[WhiteElo "2320"]
[BlackElo "2136"]
[PlyCount "100"]
[EventDate "2011.10.26"]
[EventType "swiss"]
[EventRounds "5"]
[EventCountry "ENG"]
[SourceTitle "EXT 2019"]
[Source "ChessBase"]
[SourceDate "2018.10.10"]
[SourceVersion "1"]
[SourceVersionDate "2018.10.10"]
[SourceQuality "1"]

1. c4 e5 2. Nc3 Nf6 3. Nf3 Nc6 4. e4 Bb4 5. d3 Bxc3+ 6. bxc3 h6 7. g3 0-0 8. Bg2 d6 9. 0-0 Bg4 10. h3 Bxf3 11. Qxf3 Nh7 12. Rb1 Rb8 13. h4 Ne7 14. Qg4 Qc8 15. Qe2 Qd7 16. Kh2 b5 17. cxb5 Rxb5 18. Be3 c5 19. d4 Rxb1 20. Rxb1 cxd4 21. cxd4 Nf6 22. Kg1 Rc8 23. d5 Rc7 24. Qb5 Qxb5 25. Rxb5 Ng4 26. Rb8+ Kh7 27. Bd2 Rc2 28. Bb4 Rc1+ 29. Bf1 Nc8 30. Ba3 Rc3 31. Bb2 Rc2 32. Bh3 f5 33. Ba3 Rxa2 34. Rxc8 Rxa3 35. Rc6 Ra1+ 36. Kg2 Ra2 37. Bxg4 fxg4 38. Rxd6 Re2 39. Ra6 Rxe4 40. Rxa7 Rd4 41. Rd7 Kg6 42. Kf1 Kf6 43. Ke2 h5 44. Ke3 g5 45. Rd6+ Kf5 46. Rh6 Re4+ 47. Kd3 Rd4+ 48. Ke2 gxh4 49. Rxh5+ Ke4 50. Rxh4 Kxd5 1/2-1/2